000 00535nam a22001577a 4500
999 _c216488
_d216488
005 20260327120123.0
008 260326b ||||| |||| 00| 0 eng d
040 _aLC
_cUNZA
_dUNZA
_eRDA
099 _aGOV.ZAM (02) 2025
110 _a The National Assembly of Zambia
245 _aFinal report :
_bAudit of gender related legislation /
_c The National Assembly of Zambia
260 _aLusaka :
_b The National Assembly of Zambia
_c2025.
300 _a74 pages :
650 _aGender identity
_xLegislation
_zZambia.
942 _cGOV-PUBS